000
00322nam a2200133Ia 4500
008
240624s9999 xx 000 0 und d
041
_a
eng
082
_a
658.4013 ECK
100
_a
ECKES GEORGE
245
_a
SIX SIGMA FOR EVERYONE
260
_c
2001
_a
New Jersey
_b
Wiley
300
_a
130 : p. : cm. ; 28
365
_c
_b
28
999
_c
27759
_d
27759